000 00572nam a2200193Ia 4500
008 240729s9999 xx 000 0 und d
022 _a2731-3786
245 0 _aJournal of Anesthesia, Analgesia and Critical Care
260 _aUnited Kingdom
260 _bBMC
650 _a Anesthesiology | Medicine
650 _a Internal medicine
650 _a Medical emergencies. Critical care. Intensive care. First aid
650 _a Surgery
650 _aMedicine
856 _uhttps://doaj.org/toc/1f7d43247c55430dbca76a7ebe5ba069
942 _2ddc
942 _cDOAJEJ
999 _c73988
_d73988
945 _a1
_bMadushi Gamage
_c1
_dMadushi Gamage